000 00834nam a22002777a 4500
001 BR2010005640
003 BR-BrBNA
005 20230928103432.0
007 ta
008 230509b bl.||||| |||| 00| 0 por d
040 _aBR-BrBNA
_bpor
_cBiblioteca Nacional de Agricultura
041 _a(Por)
072 _aS40; C20
090 _ S40 BR2010005640
110 1 _aAssociação Riograndense de Empreendimentos de Assistência Técnica e Extensão Rural, Porto Alegre, RS (Brasil)
245 1 _aFrente programática alimentos para todos
260 3 _aPorto Alegre, RS (Brasil):
_c2010.
300 _a11 p.
650 _aALIMENTO
650 _aNUTRIÇÃO HUMANA
650 _aSEGURANÇA ALIMENTAR
650 _aEXTENSÃO RURAL
650 _aPROGRAMA DE NUTRIÇÃO
909 _a202309
_bLucia
_c55
_dLucia Elande
942 _cBK
999 _c75104
_d75104